Historia de las ideas políticas /
Guardado en:
| Autor Principal: | |
|---|---|
| Formato: | Desconocido |
| Idioma: | Spanish |
| Publicado: |
Barcelona Buenos Aires :
Labor,
1930
|
| Series: | Colección labor
|
| Materias: | |
| Etiquetas: |
Agregar Etiqueta
Sin Etiquetas, Sea el primero en etiquetar este registro!
|
| LEADER | 00447nac a22001455a 4500 | ||
|---|---|---|---|
| 001 | DER.der000503 | ||
| 008 | 180615s1930####|||####||||||||||#||spa|| | ||
| 005 | 20251230141454.0 | ||
| 245 | 1 | 0 | |a Historia de las ideas políticas / |c Raymond G. Gettell |
| 260 | |a Barcelona |a Buenos Aires : |b Labor, |c 1930 | ||
| 300 | |a 415 p. | ||
| 440 | 0 | |a Colección labor | |
| 100 | 1 | |a Gettell, Raymond G. | |
| 650 | 7 | |a HISTORIA POLÍTICA | |
| 859 | |a DERECHO |b BIB. DERECHO |h 342.07 |i GET |p 000488 | ||
